| Поле | Инд. | ПП | Название | Значение |
|---|---|---|---|---|
| Тип записи | a | |||
| Библиографический уровень | b | |||
| 001 | Контрольный номер | RU/IS/BASE/220453268 | ||
| 005 | Дата корректировки | 20200630193124.2 | ||
| 008 | Кодируемые данные | 20061226 | ||
| 040 | b | Код языка каталог. | rus | |
| e | Правила каталог. | PSBO | ||
| 041 | 0_ | a | Код языка текста | rus |
| 084 | a | Индекс другой классификации/Индекс ББК | 60.561.2; 65.291.6-21 | |
| 100 | 1_ | a | Автор | Желнина Е. В. |
| 245 | 10 | a | Заглавие | Школа организаторов труда как эффективная форма обучения персонала на ОАО "АВТОВАЗ" |
| 520 | a | Аннотация | В статье речь пойдет о Школе организаторов труда как об эффективной форме системы непрерывного обучения персонала | |
| 650 | a | Основная рубрика | менеджмент (управление предприятием) | |
| a | Основная рубрика | персонал предприятия | ||
| a | Основная рубрика | социология | ||
| a | Основная рубрика | управление персоналом (кадровый менеджмент) | ||
| a | Основная рубрика | экономика | ||
| a | Основная рубрика | экономика предприятия | ||
| a | Основная рубрика | экономическая социология | ||
| 653 | a | Ключевые слова | непрерывное обучение | |
| a | Ключевые слова | обучение персонала | ||
| a | Ключевые слова | социология труда | ||
| 773 | 0_ | t | Заглавие источника | Вестник Московского университета. Серия 18, Социология и политология |
| d | Дата издания источника | 2006 | ||
| g | Прочая информация | № 4. - С. 48 - 58 : схем. | ||
| w | Контрольный № источника | RU/IS/BASE/219330550 | ||
| 901 | t | Тип документа | b |